| 000 | 00647nam a2200169 u 4500 | ||
|---|---|---|---|
| 001 | 000246925 | ||
| 003 | AM-YeHGA | ||
| 005 | 20250618071647.0 | ||
| 008 | 030715s1951 ai r 000 0 arm d | ||
| 040 | _aAM-YeHGA | ||
| 245 | 0 | 0 |
_aՄեր նվերը : _b[Ադրբեջանի մանկագիրների ստեղծագործ. ժողովածու] / _cԽմբ.՝ Աղավնի. |
| 260 |
_aԵրևան : _bՀայպետհրատ, _c1951. |
||
| 300 |
_a114 էջ : _bնկ. ; _c20 էջ. |
||
| 650 | 1 | 4 |
_aԱդրբեջանական մանկական գրականություն _xԺողովածու |
| 700 | 0 |
_aԱղավնի, _d1911-1992 _eխմբ. _4edt _982 |
|
| 090 | _c89461 | ||
| 999 |
_c88175 _d88175 |
||